书目信息 |
| 题名: |
玩转3D打印
|
|
| 作者: | 傅浩 , 于泓阳 , 王春玉 编著 | |
| 分册: | ||
| 出版信息: | 北京 人民邮电出版社 2014 |
|
| 页数: | 192页 | |
| 开本: | 21cm | |
| 丛书名: | ||
| 单 册: | ||
| 中图分类: | TS853 | |
| 科图分类: | ||
| 主题词: | 立体印刷--印刷术 , 印刷术 , 立体印刷 | |
| 电子资源: | ||
| ISBN: | 978-7-115-33994-2 | |
| 000 | 00904nam0 2200265 450 | |
| 001 | 140440 | |
| 005 | 20140928151930.95 | |
| 010 | @a978-7-115-33994-2@dCNY 35.00 | |
| 100 | @a20140404d2014 em y0chiy50 ea | |
| 101 | 0 | @achi |
| 102 | @aCN@b110000 | |
| 105 | @aa z 000yy | |
| 200 | 1 | @a玩转3D打印@Awan zhuan 3D da yin@b专著@f王春玉,傅浩,于泓阳编著 |
| 210 | @a北京@c人民邮电出版社@d2014 | |
| 215 | @a192页@c图@d21cm | |
| 330 | @a本书带领读者了解3D打印技术的起源、发展和现状,结合3D模型构建、3D打印机的操作和使用,介绍了如何掌握和应用3D打印技术、众多的3D打印机的应用案例,并且展望了3D打印给各行各业所带来的发展机遇。 | |
| 606 | 0 | @a立体印刷@x印刷术 |
| 606 | 0 | @a印刷术 |
| 606 | 0 | @a立体印刷 |
| 690 | @aTS853@v5 | |
| 701 | 0 | @a傅浩@Afu hao@4编著 |
| 701 | 0 | @a于泓阳@Ayu hong yang@4编著 |
| 701 | 0 | @a王春玉@Awang chun yu@4编著 |
| 801 | 0 | @aCN@bZL@c20140928 |
| 905 | @a241430@dTS853@eW130 | |
| 玩转3D打印/王春玉,傅浩,于泓阳编著.-北京:人民邮电出版社,2014 |
| 192页:图;21cm |
| ISBN 978-7-115-33994-2:CNY 35.00 |
| 本书带领读者了解3D打印技术的起源、发展和现状,结合3D模型构建、3D打印机的操作和使用,介绍了如何掌握和应用3D打印技术、众多的3D打印机的应用案例,并且展望了3D打印给各行各业所带来的发展机遇。 |
| ● |
| 相关链接 |
|
|
|
正题名:玩转3D打印
索取号:TS853/W130
 
预约/预借
| 序号 | 登录号 | 条形码 | 馆藏地/架位号 | 状态 | 备注 |
| 1 | 0835168 | 208351683 | 自科库501/501自科库 43排3列4层/ [索取号:TS853/W130] | 在馆 | |
| 2 | 0835169 | 208351692 | 自科库501/501自科库 43排3列4层/ [索取号:TS853/W130] | 在馆 | |
| 3 | 0835170 | 208351709 | 自科二线400A/400A自科库 25排1列4层/ [索取号:TS853/W130] | 在馆 |